01173nac a22002891u 4500010001700000020002200017020002500039035002300064082001600087090001500103100003400118245006600152246002400218250001200242260004500254300004500299440003300344500005400377500002000431520020100451650003600652650002300688700002000711942001800731999001500749952011900764 a 2006927781 a0470072695 (pbk.) a9780470072691 (pbk.) a(OCoLC)ocm7701052504a004.6bTID. c5194d5194 aTidrow, Rob. 10aTeach yourself visually wireless networking /cby Rob Tidrow.30aWireless networking a2nd ed. aHoboken, NJ :bWiley Pub.,c2006.cc2006. a289 p. :bcol. ill., col. maps ;c24 cm. 0aVisual read less, learn more aPrevious ed. by Todd W. Carter and Paul Whithead. aIncludes index. aA guide to wireless computer networks cover such topics as installing hardware, configuring networks, creating computer-to-computer networks, administering wireless networks, and network security. 0aWireless communication systems. 0aComputer networks.1 aCarter, Todd W. cBBk004.6TID. c5194d5194 00104070aMAINbMAINcLOWd2007-10-21ePurchasel1m3o004.6TID.p000006441r2025-07-15 00:00:00s2013-10-05yBB